| 000 | 00960nas a2200313 4500 | ||
|---|---|---|---|
| 001 | BR2016003775 | ||
| 003 | BR-BrBNA | ||
| 005 | 20231205130554.0 | ||
| 007 | ta | ||
| 008 | 230509b bl.|||p| |||| 00| 00por d | ||
| 040 |
_aBR-BrBNA _bpor _cBiblioteca Nacional de Agricultura |
||
| 041 | _a(Pt) | ||
| 072 | _aF02; F61 | ||
| 100 | 1 | _aCarvalho, J.P.F. | |
| 100 | 1 | _aCarvalho, G.R. | |
| 100 | 1 | _aFerreira, A.D. | |
| 100 | 1 | _aRezende, J.C. de | |
| 100 | 1 | _aDias, R.E.B. de A. | |
| 100 | 1 | _aCarvalho, A.M. de | |
| 245 | 1 | _aDinâmica de macronutrientes em genótipos de Coffea canephora com potencial para utilização como porta-enxerto | |
| 650 | _aCAFÉ | ||
| 650 | _aCOFFEA CANEPHORA | ||
| 650 | _aGENÓTIPO | ||
| 650 | _aPORTA ENXERTO | ||
| 650 | _aMACROELEMENTO | ||
| 773 | 0 |
_tCoffee Science (Brazil) _xISSN 1809-6875 _g(Apr-Jun 2015), v. 10(2) p. 176-183 _wBR2016003775 |
|
| 909 |
_a202311 _bLúcia _c55 _dLúcia Elande |
||
| 942 |
_2AGRIS _n0 _cANA |
||
| 999 |
_c250167 _d250167 |
||